000 00656nam a2200205Ia 4500
003 GCL
008 140319s9999 xx 000 0 ara d
020 _a0090209977
040 _aGCL /
_cGCL
082 0 4 _a366.1
_bع ب
100 1 _aعبدالوهاب المسيرى
245 1 0 _aالبروتوكولات واليهودية والصهيونية /
_cعبدالوهاب المسيرى
250 _aالرابعة
260 _aالقاهرة :
_bدار الشروق ،
_c2005
300 _a254ص ؛
_c24سم
650 0 4 _aاليهودية
650 0 4 _aالصهيونية
650 0 4 _aبروتوكولات حكماء صهيون
942 _2ddc
_cBK
999 _c8173
_d8173